01200nam a2200289 450000100060000000300080000600500170001400800410003102000150007203500190008704000320010604100080013808200260014610000420017224501770021425000120039126000310040330000690043435000090050350400390051265100700055165100700062170000520069194200120074399900170075595201380077224221BD-RjUL20211209001025.0140312s1966 enkabc j b 001 0 eng d a0540001279 a(BD-RjUL)24287 aDLCcDLCdDLCdBD-RjULbeng aeng00a914.203bBES V-3 19661 aBeggs-Humphreys, Mary Eleanor 97460614aThe shrinking world /cby M. E. Beggs-Humphreys and D. W. Humphreys, with black-and-white illustrations from contemporary sources and many photographs and maps.nBook Three a5th ed. aLondon :bG. Philip,c1966 avi, 270 p. :billus. (incl. ports.), maps, diagrs. ;c22 1/2 cm. a10/6 aIncludes bibliographies. and Index 0aGreat BritainxHistoryy18th centuryxJuvenile literature.974608 0aGreat BritainxHistoryy19th centuryxJuvenile literature.9746091 aHumphreys, Darlow Willis,ejoint author.974610 2ddccBK c24221d24221 00102ddc40728NFICaRUCLbRUCLcReadingd1970-01-21eZeitg0.00l0o914.203 BES V-3 1966r2014-03-12 00:00:00tC-1w2014-03-12yBK